Les meilleurs buteurs de l'histoire du PSV Eindhoven - Statistiques

Statistiques générales
  • Ce quiz a été pris 21 fois
  • Le résultat moyen est 2 sur 10
Statistiques - réponses
Buts Nationalité Joueur % Correct
161 Niederlande Luuk de Jong
61%
128 Brasilien Romário
61%
133 Belgien Luc Nilis
17%
129 Serbien Mateja Kežman
11%
347 Niederlande Willy van der Kuijlen
11%
113 Niederlande Harry Lubse
6%
104 Niederlande René van de Kerkhof
6%
133 Norwegen Hallvar Thoresen
0%
89 Niederlande Jan Vennegoor of Hesselink
0%
103 Niederlande Wim Kieft
0%
Aucun quiz correspondant
Distribution des résultats
% des personnes avec chaque résultat
Percentile par nombre de réponses
Votre historique - résultats
Vous n’avez pas pris ce quiz